Revue De L`Histoire Des Religions. (Record no. 2840)

MARC details
000 -LEADER
fixed length control field 00610nam a2200241 a 4500
020 ## - INTERNATIONAL STANDARD BOOK NUMBER
ISBN
082 00 - DEWEY DECIMAL CLASSIFICATION NUMBER
Classification number 200.9
Author Cutter MAR
100 ## - MAIN ENTRY--AUTHOR NAME
Author name Marillier, Jean Reville Et Leon
245 ## - TITLE STATEMENT
Title Revue De L`Histoire Des Religions.
260 ## - PUBLICATION, DISTRIBUTION, ETC. (IMPRINT)
Place of publication Paris
Name of publisher Ernest Leroux
Year of publication 1898
300 ## - PHYSICAL DESCRIPTION
Number of Pages 492p
500 ## - GENERAL NOTE
General note includes index and biblioraphy
505 2# - FORMATTED CONTENTS NOTE
Formatted contents note Appendices
650 ## - SUBJECT ADDED ENTRY--TOPICAL TERM
Topical Term Religion-History
942 ## - ADDED ENTRY ELEMENTS (KOHA)
Koha item type
700 1# -
-- Marillier, Jean Reville Et Leon
Holdings
Home library Current library Date acquired Cost, normal purchase price Full call number Accession Number Koha item type
Henry Martyn Institute Library Henry Martyn Institute Library 05/24/2005 0.00 200.9 MAR 3041 Archive Book
                   Copyright © 2026 | Henry Martyn Institute | Hyderabad | TS-500052 | INDIA | Implemented by hmi.edu.in
Hit-Count:

Powered by Koha